Chemistry and chemical reactivity

This book is organized in two ways. First, there are chapters on the Principles of Reactivity, and others on Bonding and Molecular Structure

Sparad:
Bibliografiska uppgifter
Huvudupphovsman: Kotz, John C.
Materialtyp: Bok
Språk:Undetermined
Publicerad: Orlando, Florida Fort Worth 1996
Ämnen:
Taggar: Lägg till en tagg
Inga taggar, Lägg till första taggen!
Thư viện lưu trữ: Trung tâm Học liệu Trường Đại học Cần Thơ
LEADER 00685nam a2200205Ia 4500
001 CTU_32133
008 210402s9999 xx 000 0 und d
020 |b 444000 
082 |a 541.39 
082 |b K87 
100 |a Kotz, John C. 
245 0 |a Chemistry and chemical reactivity 
245 0 |c John C. Kotz, Paul Treichel 
260 |a Orlando, Florida 
260 |b Fort Worth 
260 |c 1996 
520 |a This book is organized in two ways. First, there are chapters on the Principles of Reactivity, and others on Bonding and Molecular Structure 
650 |a Chemical reactions,Chemistry 
904 |i Minh, Hải 
980 |a Trung tâm Học liệu Trường Đại học Cần Thơ